Statistics for YY's General Knowledge - Multiple Choice #1

Click here to take the quiz!

General Stats

  • This quiz has been taken 1,323 times
  • The average score is 7 of 15

Answer Stats

QuestionAnswer% Correct
In Greek mythology, which river forms the boundary between Earth and the Underworld ?Styx
76%
Who starred as Scarlett O'Hara in the 1938 film "Gone with the Wind" ?Vivien Leigh
69%
Which band had a hit with "Ferry Cross the Mersey" in 1964/5 ?Gerry and the Pacemakers
63%
Maria Antonia Josepha Johanna was better known as...?Marie Antoinette
63%
What is the capital city of Slovenia ?Ljubljana
61%
What was the name of the porcine villain in the George Orwell novel "Animal Farm" ?Napoleon
57%
Which Japanese company made the Zero aircraft during World War 2 ?Mitsubishi
55%
What is the real name of "Dog the Bounty Hunter" ?Duane Chapman
46%
What element is represented by the letter P ?Phosphorus
45%
George Herman "Babe" Ruth Jr. (aka Babe Ruth) made his MLB baseball debut for which team ?Boston Red Sox
42%
Which road runs from Key West, Florida to Fort Kent, Maine ?US Route 1
39%
How many gold medals did Mark Spitz win for the USA at the 1972 Summer Olympic Games in Munich, Germany ?7
37%
Enceladus, Dione, and Tethys are moons of which planet ?Saturn
29%
In which country is Abel Tasman National Park located ?New Zealand
28%
With over 19,000 deaths recorded, what was the name of the 1998 hurricane that raged over Central America, Mexico, and Southern Florida ?Mitch
8%

Score Distribution

Percentile by Number Answered

Percent of People with Each Score

Your Score History

You have not taken this quiz